|
|
|
|
| LEADER |
00000nab a2200000 a 4500 |
| 001 |
vtls000491709 |
| 003 |
SK-MaSNL |
| 005 |
20260304231422.0 |
| 008 |
230120c1993 xo 0 slo |
| 015 |
|
|
|a SNBRB19rr/mm-uuuuu
|
| 035 |
|
|
|a CL0491847
|
| 035 |
|
|
|a urn:nbn:sk:snk-ab6ml9
|
| 035 |
|
|
|a (uuid)c89f7f01-7270-4970-a43f-aaa4c81e5af8
|
| 035 |
|
|
|a (urnnbn)urn:nbn:sk:snk:ar-005hs2
|
| 035 |
|
|
|a (sysno)vtls000491709
|
| 040 |
|
|
|a SNKBUCL
|b slo
|c SNKBUCL
|e AACR2
|
| 041 |
0 |
|
|a slo
|
| 044 |
|
|
|a xo
|c SK
|
| 080 |
|
|
|a 616-099:615.9:546.34:681.3
|2 1981
|
| 080 |
|
|
|a 615.9
|2 1981
|
| 080 |
|
|
|a 546.34
|2 1981
|
| 080 |
|
|
|a 681.3
|2 1981
|
| 245 |
0 |
0 |
|a Model informačného systému pre liečbu otráv - intoxikácia lítiom ; Aut. M. Mušková, Milan Májek, M. Machová, J. Brozdová
|
| 300 |
|
|
|b Grafy 3, tab. 3., res. angl., nem., lit. 21 zázn. v angl., češ., slov.
|
| 650 |
0 |
7 |
|a lítium
|2 snkbucl
|9 51299
|
| 650 |
0 |
7 |
|a intoxikácia
|2 snkbucl
|9 27403
|
| 650 |
0 |
7 |
|a informačné systémy
|2 snkbucl
|9 1128
|
| 655 |
|
7 |
|a články z novín a časopisov
|2 snkbucl
|9 267496
|
| 700 |
1 |
|
|a Mušková, M.
|4 aut
|9 947503
|
| 700 |
1 |
|
|a Májek, Milan,
|d 1947-
|4 aut
|9 222080
|
| 700 |
1 |
|
|a Machová, M.
|4 aut
|9 939475
|
| 700 |
1 |
|
|a Brozdová, J.
|4 aut
|9 1311537
|
| 773 |
0 |
|
|t Lekársky obzor
|g Roč. 42, č. 8 (1993), s. 369-377
|x 0002-1830
|
| 850 |
|
|
|a Slovenská národná knižnica v Martine
|a MTA001
|
| 852 |
|
|
|a SNK
|b KIS3GCP
|
| 954 |
|
|
|a odborná, vedecká literatúra pôvodná (slovenská)
|2 lita
|
| 958 |
|
|
|a OND
|
| 958 |
|
|
|a NB
|
| 958 |
|
|
|a RK
|
| 958 |
|
|
|a MI
|
| 958 |
|
|
|a EUIPO
|
| 958 |
|
|
|a article2022
|
| 992 |
|
|
|a RBX
|
| 999 |
|
|
|c 3188721
|d 3190651
|